La Liga Transfer Records Top 30 - Statistics

General Stats
  • This quiz has been taken 114 times
  • The average score is 21 of 30
Answer Stats
Player Season Joined Fee % Correct
7 Cristiano Ronaldo 18/19 Juventus €117.00m
100%
10 Cristiano Ronaldo 09/10 Real Madrid €94.00m
100%
1 Neymar 17/18 Paris SG €222.00m
100%
11 Neymar 13/14 Barcelona €88.00m
100%
3 Ousmane Dembélé 17/18 Barcelona €135.00m
93%
6 Antoine Griezmann 19/20 Barcelona €120.00m
92%
9 Gareth Bale 13/14 Real Madrid €101.00m
92%
4 João Félix 19/20 Atletico Madrid €127.20m
92%
2 Philippe Coutinho 17/18 Barcelona €135.00m
91%
5 Eden Hazard 19/20 Real Madrid €120.80m
90%
8 Jude Bellingham 23/24 Real Madrid €113.00m
88%
13 Luis Suárez 14/15 Barcelona €81.72m
86%
19 Julián Alvarez 24/25 Atlético Madrid €75.00m
72%
15 Aurélien Tchouaméni 22/23 Real Madrid €80.00m
69%
18 Zinédine Zidane 01/02 Real Madrid €77.50m
69%
12 Frenkie de Jong 19/20 Barcelona €86.00m
68%
23 Casemiro 22/23 Man Utd €70.65m
62%
24 Alexander Isak 22/23 Newcastle €70.00m
61%
25 Rodri 19/20 Man City €70.00m
59%
28 Álvaro Morata 17/18 Chelsea €66.00m
58%
26 Zlatan Ibrahimović 09/10 Barcelona €69.50m
57%
14 Arthur Melo 20/21 Juventus €80.60m
56%
21 Ángel Di María 14/15 Man Utd €75.00m
54%
27 Kaká 09/10 Real Madrid €67.00m
50%
20 James Rodríguez 14/15 Real Madrid €75.00m
47%
17 Kepa Arrizabalaga 18/19 Chelsea €80.00m
42%
16 Lucas Hernández 19/20 Bayern Munich €80.00m
42%
30 Luka Jović 19/20 Real Madrid €63.00m
37%
22 Thomas Lemar 18/19 Atlético Madrid €72.00m
37%
29 Aymeric Laporte 17/18 Man City €65.00m
28%
No matching quizzes found
Score Distribution
Percent of People with Each Score
Percentile by Number Answered
Your Score History
You have not taken this quiz